000 00708cab a2200205 4500
001 WB2741-05
008 090401t1991 xxu||||| |||| 00| 0 eng d
035 _a(Sirsi) u20545
041 _aeng
245 _aNew towns still selling
260 _c1991
350 _a0
490 _aTimes
_v23 October 1991, 32(1)
520 _aAccording to the Commission for the New Towns latest annual report, the Commission sold £186m of assets in 19 former English new towns to the private sector in 1990-91. Assets sold mainly comprised industrial and commercial property.
650 _aDISPOSAL OF ASSETS
650 _aNEW TOWNS
690 _aPROPERTY-COMMERCIAL PROPERTY
942 _n0
948 _c04/03/1997
999 _c13763
_d13763